UBT Library

The literature of England / (Record no. 1181)

000 -LEADER
fixed length control field 00599nam a22001937a 4500
008 - FIXED-LENGTH DATA ELEMENTS--GENERAL INFORMATION
fixed length control field 150925b xxu||||| |||| 00| 0 eng d
020 ## - INTERNATIONAL STANDARD BOOK NUMBER
International Standard Book Number 0673151557 :
041 0# - LANGUAGE CODE
Language code of text/sound track or separate title eng
080 ## - UNIVERSAL DECIMAL CLASSIFICATION NUMBER
Universal Decimal Classification number 820
100 1# - Rafti
Rafti Anderson, George Kumler,
245 10 - TITLE STATEMENT
Title The literature of England /
Statement of responsibility, etc [edited by] George Anderson, William Buckler, Mary Harris Veeder.
250 ## -
-- 3d single volume ed.
260 ## -
-- Glenview, Ill. :
-- Scott, Foresman,
-- 1979.
300 ## -
-- 1263 f. :
-- me il.;
-- 27 cm.
650 #0 -
-- Letërsia Angleze
700 1# -
-- Buckler, William Earl,
700 1# -
-- Veeder, Mary Harris,
942 ## - ADDED ENTRY ELEMENTS (KOHA)
Source of classification or shelving scheme
Item type Books
Holdings
Withdrawn status Lost status Source of classification or shelving scheme Damaged status Not for loan Collection code Permanent location Current location Shelving location Date acquired Total Checkouts Full call number Barcode Date last seen Price effective from Koha item type
          Koleksioni i përgjithshem UBT - Lipjan UBT - Lipjan Koleksioni i përgjithshem 09/25/2015   820 AND 002-007732 09/25/2015 09/25/2015 Books
          Koleksioni i përgjithshem UBT - Lipjan UBT - Lipjan Koleksioni i përgjithshem 09/25/2015   820 AND 002-007731 06/20/2017 09/25/2015 Books
UBT Library © 2015-2024. All rights reserved University Education for Business and Technology